Программно-методический комплекс расчета основных параметров РДТТ; Фундаментальные основы баллистического проектирования; Т. 2

Podrobná bibliografie
Parent link:Фундаментальные основы баллистического проектирования: всероссийская научно-техническая конференция, Санкт-Петербург, 28 июня - 2 июля 2010 г. : сборник материалов : в 2 т..— , 2010
Т. 2.— 2010.— С. 155-158
Hlavní autor: Борисов Б. В. Борис Владимирович
Další autoři: Козлов Е. А.
Shrnutí:В фонде НТБ ТПУ отсутствует
Jazyk:ruština
Vydáno: 2010
Témata:
Médium: Kapitola
KOHA link:https://koha.lib.tpu.ru/cgi-bin/koha/opac-detail.pl?biblionumber=600747

MARC

LEADER 00000naa0a2200000 4500
001 600747
005 20250818134207.0
035 |a (RuTPU)RU\TPU\tpu\25286 
035 |a RU\TPU\tpu\25283 
090 |a 600747 
100 |a 20140615d2010 k y0rusy50 ca 
101 0 |a rus 
102 |a RU 
200 1 |a Программно-методический комплекс расчета основных параметров РДТТ  |f Б. В. Борисов, Е. А. Козлов 
333 |a В фонде НТБ ТПУ отсутствует 
461 |t Фундаментальные основы баллистического проектирования  |o всероссийская научно-техническая конференция, Санкт-Петербург, 28 июня - 2 июля 2010 г. : сборник материалов : в 2 т.  |d 2010 
463 |t Т. 2  |v С. 155-158  |d 2010 
610 1 |a труды учёных ТПУ 
700 1 |a Борисов  |b Б. В.  |c специалист в области теплотехники  |c профессор Томского политехнического университета, доктор физико-математических наук  |f 1954-  |g Борис Владимирович  |3 (RuTPU)RU\TPU\pers\27008  |9 12593 
701 1 |a Козлов  |b Е. А. 
801 1 |a RU  |b 63413507  |c 20140320 
801 2 |a RU  |b 63413507  |c 20140615  |g RCR 
942 |c BK